| 000 | 00389nam a22001697a 4500 | ||
|---|---|---|---|
| 003 | OSt | ||
| 008 | 250423b |||||||| |||| 00| 0 eng d | ||
| 020 | _a9789357466059 | ||
| 082 | _a658.4 GOC | ||
| 100 | _aGOEL,Sandeep | ||
| 245 | _acorporate Governance | ||
| 250 | _a1st Ed | ||
| 260 |
_aNew Delhi _bWiley _c2024 |
||
| 300 | _a461 | ||
| 650 | _acorporate Governance | ||
| 942 |
_2ddc _cBK |
||
| 999 |
_c13390 _d13390 |
||